[Event "Lvov Winter Cup"]
[Site "Lvov"]
[Date "2016.02.06"]
[Round "4"]
[White "Koptsiukh, Vladimir"]
[Black "Mokryk, Danylo"]
[Result "1-0"]
[WhiteElo "2002"]
[BlackElo "1705"]
[PlyCount "79"]
[EventDate "2016.02.05"]
[EventType "swiss"]
[EventRounds "7"]
[EventCountry "UKR"]
[SourceTitle "EXT 2017"]
[Source "ChessBase"]
[SourceDate "2016.10.25"]
[SourceVersion "1"]
[SourceVersionDate "2016.10.25"]
[SourceQuality "1"]

1. e4 Nf6 2. e5 Nd5 3. Bc4 Nb6 4. Bb3 Nc6 5. d4 d6 6. exd6 Qxd6 7. Nf3 g6 8. Nc3 Bf5 9. 0-0 Bg7 10. Nb5 Qd7 11. Bf4 Rc8 12. c3 0-0 13. Qe2 a6 14. Na3 Nd5 15. Bd2 Rfe8 16. Nc4 b5 17. Nce5 Nxe5 18. Nxe5 Qd6 19. Rfe1 c5 20. dxc5 Rxc5 21. Rad1 Qxe5 22. Qxe5 Bxe5 23. Rxe5 e6 24. Bg5 f6 25. Bxf6 Kf7 26. Bg5 a5 27. Be3 Rc7 28. Bxd5 exd5 29. Rexd5 Rb7 30. a3 Bc2 31. R1d2 Bb3 32. R5d4 Bc4 33. h3 Ke6 34. a4 Ree7 35. axb5 Bxb5 36. Rd6+ Ke5 37. f4+ Ke4 38. Kf2 Rbd7 39. R2d4+ Kf5 40. g4# 1-0

[Event "Lvov Winter Cup"]
[Site "Lvov"]
[Date "2016.02.06"]
[Round "5"]
[White "Prydun, Andriy"]
[Black "Koptsiukh, Vladimir"]
[Result "1-0"]
[WhiteElo "1745"]
[BlackElo "2002"]
[PlyCount "43"]
[EventDate "2016.02.05"]
[EventType "swiss"]
[EventRounds "7"]
[EventCountry "UKR"]
[SourceTitle "EXT 2017"]
[Source "ChessBase"]
[SourceDate "2016.10.25"]
[SourceVersion "1"]
[SourceVersionDate "2016.10.25"]
[SourceQuality "1"]

1. d4 Nf6 2. c4 e6 3. Nf3 d5 4. Nc3 c5 5. cxd5 Nxd5 6. e4 Nxc3 7. bxc3 cxd4 8. Bb5+ Bd7 9. Bxd7+ Qxd7 10. cxd4 Nc6 11. 0-0 Rd8 12. Bg5 f6 13. Be3 Bd6 14. d5 exd5 15. exd5 Ne7 16. Bxa7 Nxd5 17. Re1+ Be7 18. Qb3 0-0 19. Bb6 Kh8 20. Bxd8 Rxd8 21. Red1 Bf8 22. Rd3 1-0

[Event "Chervonograd Cup 11th"]
[Site "Chervonograd"]
[Date "2015.11.20"]
[Round "4"]
[White "Durnev, Vladimir"]
[Black "Koptsiukh, Vladimir"]
[Result "0-1"]
[WhiteElo "1969"]
[BlackElo "2010"]
[PlyCount "78"]
[EventDate "2015.11.19"]
[EventType "swiss"]
[EventRounds "9"]
[EventCountry "UKR"]
[SourceTitle "CBM 169 Extra"]
[Source "ChessBase"]
[SourceDate "2015.12.18"]
[SourceVersion "1"]
[SourceVersionDate "2015.12.18"]
[SourceQuality "1"]

1. d4 Nf6 2. f4 d5 3. Nf3 Bf5 4. e3 e6 5. Bd3 Ne4 6. Nbd2 Nd7 7. 0-0 Ndf6 8. c4 Ng3 9. hxg3 Bxd3 10. Re1 dxc4 11. Ne5 Be7 12. Nxd3 cxd3 13. Qb3 0-0 14. Qxb7 c5 15. Nf3 cxd4 16. exd4 Nd5 17. a3 Bf6 18. Qa6 Qb6 19. Qxd3 Rfd8 20. b4 a5 21. bxa5 Rxa5 22. Rb1 Qa7 23. Rd1 Ra4 24. Bb2 Be7 25. Ne5 Qa8 26. Ra1 Rb8 27. Rd2 f6 28. Nf3 Qb7 29. Qe4 Qd7 30. Re2 Rb3 31. Qc2 Qb7 32. Qc1 Kf7 33. Kh2 g6 34. Nd2 Rxb2 35. Qe1 Qb6 36. Rc1 Rxd4 37. Nc4 Rxe2 38. Qxe2 Qb7 39. Re1 Qd7 0-1

[Event "Lvov Talents op"]
[Site "Lvov"]
[Date "2011.03.01"]
[Round "8.5"]
[White "Soroka, Danylo"]
[Black "Koptsiukh, Vladimir"]
[Result "1-0"]
[WhiteElo "1971"]
[BlackElo "2084"]
[PlyCount "75"]
[EventDate "2011.02.23"]
[EventType "swiss"]
[EventRounds "9"]
[EventCountry "UKR"]
[SourceTitle "CBM 141 Extra"]
[Source "ChessBase"]
[SourceDate "2011.05.03"]
[SourceVersion "1"]
[SourceVersionDate "2011.05.03"]
[SourceQuality "1"]

1. d4 Nf6 2. c4 e6 3. Nf3 b6 4. g3 Bb7 5. Bg2 Bb4+ 6. Bd2 Qe7 7. 0-0 Bxd2 8. Nbxd2 0-0 9. Rc1 d6 10. Nb1 c5 11. e3 Nbd7 12. Nc3 Rfd8 13. Qe2 Rac8 14. e4 cxd4 15. Nxd4 g6 16. Rfd1 a6 17. h3 e5 18. Nc2 b5 19. cxb5 axb5 20. Nxb5 Nc5 21. Nc3 Ba6 22. Qe3 Qb7 23. b4 Ne6 24. a4 Bc4 25. f4 Bb3 26. Rf1 exf4 27. gxf4 Bxc2 28. Rxc2 Qxb4 29. e5 Nd4 30. Rd2 dxe5 31. Nb1 Nf5 32. Rxd8+ Rxd8 33. Qxe5 Nh5 34. Nc3 Nhg3 35. Re1 Rc8 36. Nd5 Qd4+ 37. Qxd4 Nxd4 38. Ne7+ 1-0

[Event "Lvov Talents op"]
[Site "Lvov"]
[Date "2011.02.26"]
[Round "4.4"]
[White "Sychevskyy, Andriy"]
[Black "Koptsiukh, Vladimir"]
[Result "0-1"]
[WhiteElo "1871"]
[BlackElo "2084"]
[PlyCount "70"]
[EventDate "2011.02.23"]
[EventType "swiss"]
[EventRounds "9"]
[EventCountry "UKR"]
[SourceTitle "CBM 141 Extra"]
[Source "ChessBase"]
[SourceDate "2011.05.03"]
[SourceVersion "1"]
[SourceVersionDate "2011.05.03"]
[SourceQuality "1"]

1. d4 d5 2. c4 e5 3. Nf3 e4 4. Nfd2 c6 5. e3 Nf6 6. Qb3 Be7 7. Nc3 0-0 8. Be2 a6 9. a4 a5 10. 0-0 Na6 11. Ndb1 Nb4 12. Na3 Rb8 13. Qd1 Bf5 14. Nc2 Qd7 15. b3 Bd6 16. c5 Nxc2 17. Qxc2 Bc7 18. Ba3 Ng4 19. g3 Qe6 20. Kg2 Nh6 21. Rfb1 Bh3+ 22. Kg1 Ng4 23. b4 axb4 24. Rxb4 Qf5 25. Bd1 Nxe3 26. Qe2 Nxd1 27. Nxd1 Bg4 28. Qb2 Qh5 29. Ne3 Bc8 30. Rb3 f5 31. Rb1 f4 32. Ng2 f3 33. Ne3 Rf6 34. Bb4 Rh6 35. Nf1 Qh3 0-1

[Event "Lvov Winter Cup"]
[Site "Lvov"]
[Date "2011.01.30"]
[Round "7"]
[White "Buturin, Vladimir"]
[Black "Koptsiukh, Vladimir"]
[Result "1-0"]
[WhiteElo "2311"]
[BlackElo "2084"]
[PlyCount "64"]
[EventDate "2011.01.28"]
[EventType "swiss"]
[EventRounds "9"]
[EventCountry "UKR"]
[SourceTitle "CBM 140 Extra"]
[Source "ChessBase"]
[SourceDate "2011.03.01"]
[SourceVersion "1"]
[SourceVersionDate "2011.03.01"]
[SourceQuality "1"]

1. Nf3 d5 2. d4 Nf6 3. c4 e6 4. g3 dxc4 5. Qa4+ Bd7 6. Qxc4 Bc6 7. Bg2 Bd5 8. Qa4+ Qd7 9. Qd1 Bb4+ 10. Nc3 Ne4 11. Qd3 Qc6 12. Bd2 Nxd2 13. Qxd2 Nd7 14. 0-0 Nf6 15. Rac1 Qa6 16. Nxd5 Bxd2 17. Nxc7+ Kd8 18. Nxa6 Bxc1 19. Ne5 Bxb2 20. Bxb7 Ke7 21. Bxa8 Rxa8 22. Rb1 Ba3 23. Rb7+ Kf8 24. Rxf7+ Kg8 25. Nc7 Rf8 26. Rxf8+ Kxf8 27. Nxe6+ Kg8 28. Nc6 Nd5 29. Nxa7 Nc3 30. Kf1 Nxa2 31. Nb5 Bb2 32. d5 Nc3 1-0